UK propertywatch Q2 2012 (Record no. 84070)
[ view plain ]
| 000 -LEADER | |
|---|---|
| fixed length control field | 01371cad a22002055a 4500 |
| 001 - CONTROL NUMBER | |
| control field | L156545 |
| 008 - FIXED-LENGTH DATA ELEMENTS--GENERAL INFORMATION | |
| fixed length control field | 120606s2012 xxk 000 0 eng d |
| 035 ## - SYSTEM CONTROL NUMBER | |
| System control number | (Sirsi) u156545 |
| 041 0# - LANGUAGE CODE | |
| Language code of text/sound track or separate title | eng |
| 110 2# - MAIN ENTRY--CORPORATE NAME | |
| Corporate name or jurisdiction name as entry element | CBRE Global Investors |
| 9 (RLIN) | 5985 |
| 245 00 - TITLE STATEMENT | |
| Title | UK propertywatch Q2 2012 |
| Medium | [electronic resource] |
| 260 ## - PUBLICATION, DISTRIBUTION, ETC. | |
| Place of publication, distribution, etc. | [S.l.] |
| Name of publisher, distributor, etc. | CBRE Global investors |
| Date of publication, distribution, etc. | 2012 |
| 490 #0 - SERIES STATEMENT | |
| Series statement | CBRE Global Investors UK Propertywatch |
| Volume/sequential designation | Q2 2012 |
| 520 ## - SUMMARY, ETC. | |
| Summary, etc. | The UK economy has officially returned to recession shrinking 0.2% quarter-on-quarter in Q1 2012 after a 0.3% fall in Q4 2011. A fragile economic outlook continues to impact negatively on property occupier fundamentals and investor sentiment. Recent IPD monthly property indices show clearly that property valuations are beginning to reflect market conditions. Derivatives and listed markets signal weakness ahead for direct markets and occupational conditions remain subdued. Property investment is polarised between prime and secondary assets. Gilts are currently priced as safe haven assets and the yield gap with property should remain attractively wide. |
| 590 ## - LOCAL NOTE (RLIN) | |
| Local note | NTK KA |
| 651 #4 - SUBJECT ADDED ENTRY--GEOGRAPHIC NAME | |
| Geographic name | United Kingdom |
| 690 ## - LOCAL SUBJECT ADDED ENTRY--TOPICAL TERM (OCLC, RLIN) | |
| Topical term or geographic name as entry element | Commercial property |
| 9 (RLIN) | 6227 |
| 856 40 - ELECTRONIC LOCATION AND ACCESS | |
| Uniform Resource Identifier | <a href="https://www.cbreglobalinvestors.com/research/publications/Documents/propertywatch/UKPropertyWatch_Q2%202012.pdf">https://www.cbreglobalinvestors.com/research/publications/Documents/propertywatch/UKPropertyWatch_Q2%202012.pdf</a> |
| Public note | View the report at www.cbreglobalinvestors.com |
| 942 ## - ADDED ENTRY ELEMENTS (KOHA) | |
| Suppress in OPAC | 0 |
| Withdrawn status | Lost status | Source of classification or shelving scheme | Damaged status | Not for loan | Home library | Current library | Shelving location | Date acquired | Total Checkouts | Full call number | Barcode | Date last seen | Copy number | Price effective from | Koha item type |
|---|---|---|---|---|---|---|---|---|---|---|---|---|---|---|---|
| Dewey Decimal Classification | Virtual | Virtual | Online | 05/06/2012 | ONLINE PUBLICATION | 156545-2001 | 06/08/2019 | 1 | 06/08/2019 | Book |